Abnormal psychology/ (Record no. 14591)
[ view plain ]
| 000 -LEADER | |
|---|---|
| fixed length control field | 00847nam a2200301Ia 4500 |
| 003 - CONTROL NUMBER IDENTIFIER | |
| control field | OSt |
| 005 - DATE AND TIME OF LATEST TRANSACTION | |
| control field | 20191014132725.0 |
| 008 - FIXED-LENGTH DATA ELEMENTS--GENERAL INFORMATION | |
| fixed length control field | 151016s9999 xx 000 0 und d |
| 020 ## - INTERNATIONAL STANDARD BOOK NUMBER | |
| International Standard Book Number | 978-1-260-54790-0 |
| 040 ## - CATALOGING SOURCE | |
| Transcribing agency | LIC |
| 082 ## - DEWEY DECIMAL CLASSIFICATION NUMBER | |
| Classification number | DC 616.89 |
| Item number | N717 |
| Edition number | 2020 |
| 100 ## - MAIN ENTRY--PERSONAL NAME | |
| Personal name | Nolen-Hoeksema, Susan. |
| 9 (RLIN) | 40369 |
| 245 ## - TITLE STATEMENT | |
| Title | Abnormal psychology/ |
| 245 ## - TITLE STATEMENT | |
| Statement of responsibility, etc. | Susan Nolen-Hoeksema |
| 250 ## - EDITION STATEMENT | |
| Edition statement | Eighth Edition |
| 260 ## - PUBLICATION, DISTRIBUTION, ETC. (IMPRINT) | |
| Place of publication, distribution, etc. | New York |
| 260 ## - PUBLICATION, DISTRIBUTION, ETC. (IMPRINT) | |
| Name of publisher, distributor, etc. | McGraw-Hill Education |
| 260 ## - PUBLICATION, DISTRIBUTION, ETC. (IMPRINT) | |
| Date of publication, distribution, etc. | ©2020 |
| 300 ## - PHYSICAL DESCRIPTION | |
| Extent | xix, 470 pages: |
| 300 ## - PHYSICAL DESCRIPTION | |
| Other physical details | color illustrations; |
| 300 ## - PHYSICAL DESCRIPTION | |
| Dimensions | 28 cm. |
| 365 ## - TRADE PRICE | |
| Price amount | 7,500.00 |
| Currency code | Php |
| 504 ## - BIBLIOGRAPHY, ETC. NOTE | |
| Bibliography, etc | Includes bibliographical references and index. |
| 650 ## - SUBJECT ADDED ENTRY--TOPICAL TERM | |
| Topical term or geographic name as entry element | Abnormal Psychology |
| 9 (RLIN) | 40370 |
| 650 ## - SUBJECT ADDED ENTRY--TOPICAL TERM | |
| Topical term or geographic name as entry element | Mental illness |
| General subdivision | Textbooks |
| 9 (RLIN) | 40371 |
| 650 ## - SUBJECT ADDED ENTRY--TOPICAL TERM | |
| Topical term or geographic name as entry element | Psychology, Pathological |
| General subdivision | Textbooks |
| 9 (RLIN) | 40372 |
| 942 ## - ADDED ENTRY ELEMENTS (KOHA) | |
| Institution code [OBSOLETE] | DDC |
| Source of classification or shelving scheme | Dewey Decimal Classification |
| Koha item type | Circulation |
| Withdrawn status | Lost status | Source of classification or shelving scheme | Damaged status | Not for loan | Collection code | Home library | Current library | Shelving location | Date acquired | Source of acquisition | Cost, normal purchase price | Total Checkouts | Full call number | Barcode | Date last seen | Date last checked out | Copy number | Price effective from | Koha item type |
|---|---|---|---|---|---|---|---|---|---|---|---|---|---|---|---|---|---|---|---|
| Dewey Decimal Classification | Circulation | UM Digos College - LIC | UM Digos College - LIC | Book Cart | 08/08/2019 | Purchased | 7500.00 | 5 | DC 616.89 N717 2020 | 25741 | 05/15/2025 | 10/10/2023 | 1 | 10/14/2019 | Circulation |
